[Event "RUS-chT (Women)"]
[Site "Sochi"]
[Date "2018.05.05"]
[Round "5.1"]
[White "Kosteniuk, Alexandra"]
[Black "Bodnaruk, Anastasia"]
[Result "0-1"]
[WhiteElo "2555"]
[BlackElo "2446"]
[PlyCount "158"]
[EventDate "2018.05.01"]
[EventType "team-tourn"]
[EventRounds "9"]
[EventCountry "RUS"]
[SourceTitle "CBM 184 Extra"]
[Source "ChessBase"]
[SourceDate "2018.06.28"]
[SourceVersion "1"]
[SourceVersionDate "2018.06.28"]
[SourceQuality "1"]
[WhiteTeam "Moscow Legacy Square (W)"]
[BlackTeam "St Petersburg SHSH (W)"]
[WhiteTeamCountry "RUS"]
[BlackTeamCountry "RUS"]

1. e4 c5 2. Nf3 d6 3. d4 cxd4 4. Nxd4 Nf6 5. Nc3 a6 6. Bg5 Nbd7 7. Bc4 e6 8.
Qe2 h6 9. Bh4 Qa5 10. O-O-O Qh5 11. Bg3 b5 12. Bd3 Qxe2 13. Ncxe2 Nh5 14. Nb3
Nxg3 15. Nxg3 h5 16. h4 Ra7 17. Kb1 Rc7 18. Be2 g6 19. f4 Be7 20. Bf3 Nb6 21.
Na5 Nc4 22. Nxc4 Rxc4 23. Nf1 Kf8 24. Nd2 Rc7 25. g3 Kg7 26. Rhf1 e5 27. Rh1
exf4 28. gxf4 Bg4 29. Rde1 Bf6 30. Be2 Rhc8 31. Bd3 Bd4 32. Rhf1 Bf6 33. Rh1
Bd4 34. Rhf1 Re8 35. c3 Bf6 36. Rh1 Rb7 37. Kc2 Rb6 38. Re3 Rc6 39. Nf3 b4 40.
e5 dxe5 41. Nxe5 Bxe5 42. Rxe5 Rd8 43. Re3 Be6 44. f5 Bxa2 45. Rg1 Bd5 46. Reg3
Rdd6 47. fxg6 fxg6 48. Rg5 b3+ 49. Kd2 Be4 50. R1g3 Rc4 51. Re5 Bxd3 52. Rxd3
Rxd3+ 53. Kxd3 Rxh4 54. c4 Rh1 55. c5 Rc1 56. Kd4 h4 57. Re3 g5 58. Kd5 Kf6 59.
Rf3+ Ke7 60. Re3+ Kd7 61. Rxb3 Rd1+ 62. Ke4 g4 63. Rb7+ Kc6 64. Rh7 g3 65. Kf3
Rd4 66. Rh5 Rb4 67. Rh6+ Kxc5 68. Rxa6 Rxb2 69. Ra1 Kd5 70. Rh1 Rb4 71. Kg2 Ke5
72. Kh3 Rb2 73. Kg4 Rh2 74. Ra1 g2 75. Kf3 h3 76. Ra5+ Kd4 77. Ra4+ Kc3 78. Kf2
Rh1 79. Rg4 Rf1+ 0-1

[Event "RUS-chT (Women)"]
[Site "Sochi"]
[Date "2018.05.07"]
[Round "6.1"]
[White "Dordzhieva, Dinara"]
[Black "Kosteniuk, Alexandra"]
[Result "0-1"]
[WhiteElo "2301"]
[BlackElo "2555"]
[PlyCount "234"]
[EventDate "2018.05.01"]
[EventType "team-tourn"]
[EventRounds "9"]
[EventCountry "RUS"]
[SourceTitle "CBM 184 Extra"]
[Source "ChessBase"]
[SourceDate "2018.06.28"]
[SourceVersion "1"]
[SourceVersionDate "2018.06.28"]
[SourceQuality "1"]
[WhiteTeam "Moscow Devyataya Gorizontal (W)"]
[BlackTeam "Moscow Legacy Square (W)"]
[WhiteTeamCountry "RUS"]
[BlackTeamCountry "RUS"]

1. d4 Nf6 2. Nf3 d5 3. Bf4 c5 4. e3 Nc6 5. Nbd2 cxd4 6. exd4 Bg4 7. c3 e6 8.
Be2 Bxf3 9. Nxf3 Bd6 10. Bxd6 Qxd6 11. O-O O-O 12. Bd3 Ne4 13. Qe2 f5 14. Ne5
Nxe5 15. dxe5 Qb6 16. Rad1 Rac8 17. c4 dxc4 18. Bxc4 Rc5 19. Rd4 Rxe5 20. Rfd1
Rc5 21. Qe3 Re8 22. g3 h6 23. Bb3 Kh7 24. Rd7 Qb5 25. a4 Qb6 26. Qd4 Rg8 27.
Qe3 Qc6 28. f3 Ng5 29. Kf2 Re5 30. Qc3 Qb6+ 31. R1d4 Rc5 32. Qd3 Rf8 33. Kg2
Nf7 34. f4 Rc1 35. Kh3 Qc6 36. Qe3 e5 37. Rd2 exf4 38. gxf4 Rf1 39. R2d3 Qf6
40. Bxf7 Rxf7 41. R3d6 Rxd7 42. Rxf6 gxf6 43. Qe6 Rf3+ 44. Kg2 Rfd3 45. Qxf5+
Kg7 46. Qg4+ Kf7 47. Qh5+ Ke6 48. Qg4+ Kf7 49. Qh5+ Kg7 50. Qg4+ Kf8 51. Qh5
Rd2+ 52. Kf3 R7d3+ 53. Ke4 Rd4+ 54. Ke3 R2d3+ 55. Ke2 Kg7 56. Qg4+ Kf7 57. Qh5+
Ke6 58. Qxh6 Rd2+ 59. Ke3 R2d3+ 60. Ke2 Rb3 61. Qf8 Re4+ 62. Kd2 Rxb2+ 63. Kc3
Rxh2 64. Qc8+ Kf7 65. Qxb7+ Re7 66. Qd5+ Kg7 67. Qf3 Rc7+ 68. Kd3 Rhc2 69. Qg4+
Kf7 70. Qh5+ Ke6 71. Qb5 R2c3+ 72. Kd2 R3c5 73. Qe8+ Kf5 74. Qd8 Rc2+ 75. Ke1
Ke4 76. Kf1 f5 77. Qd6 Rc1+ 78. Kg2 R7c2+ 79. Kg3 Rc3+ 80. Kg2 R1c2+ 81. Kg1
Rd3 82. Qb4+ Ke3 83. Qe7+ Kf3 84. Qb7+ Kxf4 85. Qb1 Rcd2 86. Qb8+ Rd6 87. a5 a6
88. Qb4+ R2d4 89. Qb8 Kf3 90. Qb7+ R6d5 91. Qc6 f4 92. Qb7 Rd1+ 93. Kh2 R1d2+
94. Kg1 Kg4 95. Qc8+ Kg3 96. Qg8+ Kf3 97. Qa8 Rd1+ 98. Kh2 Kf2 99. Qa7+ R1d4
100. Qh7 f3 101. Qc2+ Rd2 102. Qg6 Rd6 103. Qg5 Kf1+ 104. Kh1 Rd1 105. Qe3 f2
106. Kh2 R1d3 107. Qf4 Ke2 108. Qe4+ Re3 109. Qg4+ Ke1 110. Qb4+ Rd2 111. Qb1+
Rd1 112. Qb4+ Ke2 113. Qb2+ Rd2 114. Qc1 Re4 115. Kg2 Rg4+ 116. Kh2 f1=R 117.
Qc6 Rgf4 0-1

[Event "RUS-chT (Women)"]
[Site "Sochi"]
[Date "2018.05.09"]
[Round "8.1"]
[White "Chigaeva, Anastasia"]
[Black "Kosteniuk, Alexandra"]
[Result "0-1"]
[WhiteElo "2178"]
[BlackElo "2555"]
[PlyCount "128"]
[EventDate "2018.05.01"]
[EventType "team-tourn"]
[EventRounds "9"]
[EventCountry "RUS"]
[SourceTitle "CBM 184 Extra"]
[Source "ChessBase"]
[SourceDate "2018.06.28"]
[SourceVersion "1"]
[SourceVersionDate "2018.06.28"]
[SourceQuality "1"]
[WhiteTeam "Togliatti Bukavushki (W)"]
[BlackTeam "Moscow Legacy Square (W)"]
[WhiteTeamCountry "RUS"]
[BlackTeamCountry "RUS"]

1. d4 Nf6 2. Nf3 e6 3. c4 Bb4+ 4. Nbd2 O-O 5. a3 Be7 6. e4 d6 7. Be2 Nbd7 8.
Qc2 e5 9. Nb1 exd4 10. Nxd4 Nc5 11. Nc3 a5 12. b3 Re8 13. O-O Bf8 14. Bf3 c6
15. Bf4 h6 16. Bg3 Qb6 17. Rad1 Bd7 18. Rd2 Rad8 19. Rfd1 Bc8 20. h3 g6 21. Rb1
Qa7 22. Rbd1 Qb6 23. Rb1 Ncd7 24. Kh2 h5 25. Bf4 Ne5 26. Be2 d5 27. exd5 cxd5
28. cxd5 Nxd5 29. Nxd5 Rxd5 30. Rbd1 Bxa3 31. Nf3 Bf5 32. Qa2 Rxd2 33. Rxd2
Nxf3+ 34. Bxf3 Bc1 35. Qa4 Rc8 36. Rd4 Bxf4+ 37. Rxf4 Be6 38. b4 Qxf2 39. bxa5
Qb2 40. Qd4 Qb5 41. Qd6 Qxa5 42. Bxb7 Rd8 43. Ra4 Rxd6 44. Rxa5 Rd4 45. Re5 Bf5
46. Kg3 h4+ 47. Kf2 Kg7 48. Bf3 Kf6 49. Re2 Kg5 50. Rb2 Kf4 51. Ba8 Be6 52. Bc6
g5 53. Ba8 f5 54. Bc6 g4 55. hxg4 fxg4 56. g3+ hxg3+ 57. Kg2 Rc4 58. Bb7 Bd7
59. Bd5 Rd4 60. Bb7 Ba4 61. Rb1 Bd1 62. Kg1 Bf3 63. Ba6 Rd2 64. Bf1 Rh2 0-1

[Event "RUS-chT (Women)"]
[Site "Sochi"]
[Date "2018.05.10"]
[Round "9.1"]
[White "Kosteniuk, Alexandra"]
[Black "Simakova, Elena"]
[Result "1-0"]
[WhiteElo "2555"]
[BlackElo "1948"]
[PlyCount "75"]
[EventDate "2018.05.01"]
[EventType "team-tourn"]
[EventRounds "9"]
[EventCountry "RUS"]
[SourceTitle "CBM 184 Extra"]
[Source "ChessBase"]
[SourceDate "2018.06.28"]
[SourceVersion "1"]
[SourceVersionDate "2018.06.28"]
[SourceQuality "1"]
[WhiteTeam "Moscow Legacy Square (W)"]
[BlackTeam "Chelyabinsk Yuzny Ural (W)"]
[WhiteTeamCountry "RUS"]
[BlackTeamCountry "RUS"]

1. e4 c5 2. Nf3 Nc6 3. Bb5 g6 4. Bxc6 bxc6 5. O-O Bg7 6. Re1 Nh6 7. c3 O-O 8.
h3 d5 9. d3 f6 10. e5 Nf7 11. Bf4 g5 12. exf6 exf6 13. Be3 Qd6 14. Nbd2 Nd8 15.
Qa4 Ne6 16. Nb3 Re8 17. Bxc5 Qc7 18. Nfd4 Bd7 19. Nxe6 Bxe6 20. Nd4 Bd7 21.
Rxe8+ Rxe8 22. Qxa7 Qc8 23. Bd6 f5 24. f4 gxf4 25. Rf1 Be5 26. Bxe5 Rxe5 27.
Rxf4 Re1+ 28. Rf1 Qe8 29. Nf3 Re2 30. Rf2 Re3 31. Qd4 Re7 32. a4 Rg7 33. a5 f4
34. Kh2 Qb8 35. Re2 Rg3 36. a6 Bxh3 37. a7 Qc8 38. Qxf4 1-0

[Event "FRA-chT Top 12"]
[Site "Brest"]
[Date "2018.05.26"]
[Round "1"]
[White "Kosteniuk, Alexandra"]
[Black "Apicella, Manuel"]
[Result "0-1"]
[WhiteElo "2555"]
[BlackElo "2513"]
[PlyCount "85"]
[EventDate "2018.05.26"]
[EventType "team-tourn"]
[EventRounds "11"]
[EventCountry "FRA"]
[SourceTitle "EXT 2019"]
[Source "ChessBase"]
[SourceDate "2018.10.10"]
[SourceVersion "1"]
[SourceVersionDate "2018.10.10"]
[SourceQuality "1"]
[WhiteTeam "Clichy Echecs 92"]
[BlackTeam "Grasse Echecs"]
[WhiteTeamCountry "FRA"]
[BlackTeamCountry "FRA"]
[TimeControl "40/5400+30:1800+30"]

1. e4 {[%emt 0:00:00]} e6 {[%emt 0:00:12]} 2. d4 {[%emt 0:00:00]} d5 {[%emt 0:
00:09]} 3. Nc3 {[%emt 0:00:06]} Bb4 {[%emt 0:00:13]} 4. e5 {[%emt 0:00:18]} Ne7
{[%emt 0:00:17]} 5. a3 {[%emt 0:00:19]} Bxc3+ {[%emt 0:00:08]} 6. bxc3 {
[%emt 0:00:05]} c5 {[%emt 0:00:07]} 7. a4 {[%emt 0:00:45]} Nbc6 {[%emt 0:03:31]
} 8. Nf3 {[%emt 0:01:08]} Qa5 {[%emt 0:00:21]} 9. Qd2 {[%emt 0:00:27]} cxd4 {
[%emt 0:02:46]} 10. cxd4 {[%emt 0:00:45]} Qxd2+ {[%emt 0:00:17]} 11. Kxd2 {
[%emt 0:00:25]} Na5 {[%emt 0:06:43]} 12. Ba3 {[%emt 0:03:13]} Bd7 {[%emt 0:03:
05]} 13. Bb4 {[%emt 0:03:29]} Nc4+ {[%emt 0:09:42]} 14. Bxc4 {[%emt 0:03:08]}
dxc4 {[%emt 0:00:05]} 15. Bxe7 {[%emt 0:00:13]} Kxe7 {[%emt 0:00:06]} 16. Kc3 {
[%emt 0:00:36]} Rac8 {[%emt 0:04:18]} 17. Nd2 {[%emt 0:03:58]} Bc6 {[%emt 0:02:
42]} 18. f3 {[%emt 0:00:19]} f6 $146 {[%emt 0:07:19]} (18... f5 19. a5 g5 20.
Rhb1 h5 21. Rb4 g4 22. Rg1 gxf3 23. gxf3 Rhg8 24. Rxg8 Rxg8 25. Rxc4 Kd7 26. d5
Bxd5 27. Rh4 Kc6 28. Kd3 Kc5 29. c4 Bc6 30. Kc3 Be8 31. Nb3+ Kc6 32. Rd4 Kc7
33. Nc5 Bc6 34. Nxe6+ Kc8 35. f4 Bd7 36. Ng5 Rg6 37. e6 Bc6 38. e7 Bd7 39. Rd5
Rg7 40. Rc5+ Kb8 41. Re5 Be8 42. Kd4 Kc8 43. Rc5+ Kd7 44. Rc7+ {1-0 (44) Vovk,
Y (2562)-Williams,S (2513) London 2012}) 19. Rhe1 {[%emt 0:20:53]} Rhd8 {
[%emt 0:06:54]} 20. Rab1 {[%emt 0:07:39]} f5 {[%emt 0:08:53]} 21. Nf1 {[%emt 0:
07:31]} a5 {[%emt 0:07:45]} 22. Ne3 {[%emt 0:04:49]} Rc7 {[%emt 0:01:38]} 23.
f4 {[%emt 0:09:00]} Kf7 {[%emt 0:05:59]} 24. Rb6 {[%emt 0:02:30]} g6 {[%emt 0:
02:24]} 25. Reb1 {[%emt 0:09:28]} h6 {[%emt 0:05:00]} 26. d5 {[%emt 0:10:24]}
exd5 {[%emt 0:02:37]} 27. Kd4 {[%emt 0:00:02]} Ke6 {[%emt 0:03:37]} 28. R1b5 {
[%emt 0:02:31]} g5 {[%emt 0:00:51]} 29. g4 $2 {[%emt 0:00:12] Joué à tempo
alors que la poussée g3 était plus naturelle} (29. g3 $142 $36 {[%csl Gd4,
Re6]}) 29... gxf4 {[%emt 0:02:03]} 30. gxf5+ {[%emt 0:00:15]} Kf7 {[%emt 0:01:
48]} 31. Nxd5 {[%emt 0:05:43]} f3 {[%emt 0:01:50]} 32. e6+ {[%emt 0:01:08]} Kg8
{[%emt 0:00:43]} 33. Rc5 {[%emt 0:00:54]} f2 {[%emt 0:02:32]} 34. Rb1 {[%emt 0:
00:03]} Rg7 {[%emt 0:00:09]} 35. Rf1 {[%emt 0:00:29]} Rg1 {[%emt 0:00:32]} 36.
Rxf2 {[%emt 0:01:25]} Bxd5 {[%emt 0:00:23]} 37. Ke5 {[%emt 0:00:51]} Bc6 {
[%emt 0:04:58]} 38. Rxc4 $2 {[%emt 0:01:37] Un gaffe de zeitnot et non
seulement la partie bacule mais également le match car toutes les autres
parties se sont terminées par la nulle} (38. Re2) 38... Kg7 {[%emt 0:03:31]}
39. Re4 {[%emt 0:02:12]} Rd5+ {[%emt 0:01:26]} 40. Kf4 {[%emt 0:00:02]} Kf6 {
[%emt 0:30:06]} 41. e7 {[%emt 0:01:12]} Rxf5+ {[%emt 0:00:00]} 42. Ke3 {
[%emt 0:00:02]} Re1+ {[%emt 0:00:00]} 43. Kd4 0-1

[Event "FRA-chT Top 12"]
[Site "Brest"]
[Date "2018.05.27"]
[Round "2"]
[White "Kosteniuk, Alexandra"]
[Black "Dionisi, Thomas"]
[Result "1-0"]
[WhiteElo "2555"]
[BlackElo "2399"]
[PlyCount "71"]
[EventDate "2018.05.26"]
[EventType "team-tourn"]
[EventRounds "11"]
[EventCountry "FRA"]
[SourceTitle "EXT 2019"]
[Source "ChessBase"]
[SourceDate "2018.10.10"]
[SourceVersion "1"]
[SourceVersionDate "2018.10.10"]
[SourceQuality "1"]
[WhiteTeam "Clichy Echecs 92"]
[BlackTeam "Bois Colombes"]
[WhiteTeamCountry "FRA"]
[BlackTeamCountry "FRA"]
[TimeControl "40/5400+30:1800+30"]

1. d4 {[%emt 0:00:00]} f5 {[%emt 0:00:09]} 2. Nf3 {[%emt 0:00:00]} Nf6 {
[%emt 0:00:10]} 3. g3 {[%emt 0:00:03]} g6 {[%emt 0:00:07]} 4. Bg2 {[%emt 0:00:
06]} Bg7 {[%emt 0:00:05]} 5. O-O {[%emt 0:00:19]} O-O {[%emt 0:00:09]} 6. c4 {
[%emt 0:00:28]} d6 {[%emt 0:00:14]} 7. Nc3 {[%emt 0:00:34]} c6 {[%emt 0:00:06]}
8. b4 {[%emt 0:01:02]} Qe8 {[%emt 0:04:37]} (8... e5 9. dxe5 dxe5 10. e4 Qxd1
11. Rxd1 f4 12. Bb2 fxg3 13. hxg3 Bg4 14. Re1 Nbd7 15. Nd2 a5 16. a3 Rfd8 17.
Ncb1 b6 18. Nf3 Bxf3 19. Bxf3 Bf8 20. b5 cxb5 21. cxb5 Rac8 22. Nc3 Nc5 23.
Red1 Nd3 24. Na4 Nxb2 25. Rxd8 Rxd8 26. Nxb2 Rd4 27. Rd1 Rxd1+ 28. Bxd1 Nxe4
29. Bc2 Nc3 30. a4 Bc5 31. Nd1 Ne2+ 32. Kf1 Nd4 33. Bd3 Kg7 34. Nc3 h5 35. Ne4
Be7 36. Kg2 g5 37. Bb1 g4 38. Bd3 {Leko,P (2737)-Ponomariov,R (2723) Dortmund
2014 1/2-1/2}) 9. Qb3 {[%emt 0:01:18]} Kh8 {[%emt 0:09:53]} 10. b5 $146 {
[%emt 0:03:37]} (10. c5 a5 11. cxd6 axb4 12. Qxb4 Na6 13. Qa3 Nc7 14. Qc5 Ne6
15. Qb4 exd6 16. Qxd6 Ne4 17. Nxe4 fxe4 18. Ng5 Nxd4 19. Bd2 Bf5 20. Kh1 Rd8
21. Qf4 Nxe2 22. Qe3 Bg4 23. Nxe4 Bd4 24. Qg5 Bf5 25. Bb4 Bxe4 26. Bxf8 Bxg2+
27. Kxg2 Qxf8 28. Rad1 c5 29. Rd3 Re8 30. Qd5 Qe7 31. Rf3 Nc3 32. Qb3 Qe4 33.
Rc1 Ne2 34. Rb1 b5 35. Qxb5 Nc3 36. Qb7 Nxb1 37. Qxe4 Rxe4 {0-1 (37) Tulay
Berkay,K (2128)-Haznedaroglu,K (2455) Kemer 2012}) 10... e5 {[%emt 0:06:46]}
11. dxe5 {[%emt 0:00:20]} dxe5 {[%emt 0:00:15]} 12. e4 {[%emt 0:01:28]} f4 {
[%emt 0:06:44]} 13. Ba3 {[%emt 0:03:45]} Rg8 {[%emt 0:11:38]} 14. Bd6 {[%emt 0:
01:22]} Nh5 {[%emt 0:01:17]} 15. bxc6 {[%emt 0:13:10]} Nxc6 {[%emt 0:07:27]}
16. Nd5 {[%emt 0:00:12]} Bg4 {[%emt 0:09:59]} 17. Qxb7 {[%emt 0:01:38]} Bxf3 $6
{[%emt 0:00:16]} 18. Bxf3 {[%emt 0:00:07]} Nd4 {[%emt 0:00:13]} 19. Bg4 $1 {
[%emt 0:02:01]} Nf6 {[%emt 0:03:19]} 20. Nxf6 {[%emt 0:08:47]} Bxf6 {[%emt 0:
00:03]} 21. c5 $36 {[%emt 0:06:27][%csl Gc5]} Rg7 {[%emt 0:01:20]} (21... h5
22. Bd1 $16) 22. Qd5 {[%emt 0:00:14]} h5 {[%emt 0:00:23]} 23. Bd1 {[%emt 0:03:
09]} f3 {[%emt 0:00:45]} 24. Re1 {[%emt 0:03:21]} g5 {[%emt 0:01:35]} 25. Re3 {
[%emt 0:01:05]} g4 {[%emt 0:00:16]} 26. Ba4 {[%emt 0:02:52]} Qxa4 {[%emt 0:05:
08]} 27. Qxa8+ {[%emt 0:00:05]} Kh7 {[%emt 0:00:05]} 28. Qf8 {[%emt 0:08:19]}
Kg6 {[%emt 0:04:24]} 29. Qc8 {[%emt 0:01:14]} Qb5 {[%emt 0:07:34]} 30. h3 {
[%emt 0:02:11]} gxh3 {[%emt 0:06:41]} 31. Kh1 {[%emt 0:02:53]} Kh7 {[%emt 0:09:
38]} 32. Rxf3 {[%emt 0:04:39]} Nxf3 {[%emt 0:02:58]} 33. Qf5+ {[%emt 0:00:05]}
Rg6 {[%emt 0:00:11]} 34. Qxh5+ {[%emt 0:00:27]} Kg7 {[%emt 0:00:13]} 35. Qxf3 {
[%emt 0:00:21]} Qb2 {[%emt 0:00:13]} 36. Rd1 {[%emt 0:00:19]} 1-0

[Event "FRA-chT Top 12"]
[Site "Brest"]
[Date "2018.05.28"]
[Round "3"]
[White "Istratescu, Andrei"]
[Black "Kosteniuk, Alexandra"]
[Result "1-0"]
[WhiteElo "2589"]
[BlackElo "2555"]
[PlyCount "91"]
[EventDate "2018.05.26"]
[EventType "team-tourn"]
[EventRounds "11"]
[EventCountry "FRA"]
[SourceTitle "EXT 2019"]
[Source "ChessBase"]
[SourceDate "2018.10.10"]
[SourceVersion "1"]
[SourceVersionDate "2018.10.10"]
[SourceQuality "1"]
[WhiteTeam "Mulhouse Philidor"]
[BlackTeam "Clichy Echecs 92"]
[WhiteTeamCountry "FRA"]
[BlackTeamCountry "FRA"]
[TimeControl "40/5400+30:1800+30"]

1. e4 {[%emt 0:00:00]} e5 {[%emt 0:01:14]} 2. Nf3 {[%emt 0:00:39]} Nc6 {
[%emt 0:00:07]} 3. Bb5 {[%emt 0:00:16]} a6 {[%emt 0:00:04]} 4. Ba4 {[%emt 0:00:
09]} Nf6 {[%emt 0:00:05]} 5. O-O {[%emt 0:00:08]} Be7 {[%emt 0:00:23]} 6. Re1 {
[%emt 0:00:18]} b5 {[%emt 0:00:18]} 7. Bb3 {[%emt 0:00:09]} d6 {[%emt 0:00:22]}
8. c3 {[%emt 0:00:59]} O-O {[%emt 0:00:20]} 9. h3 {[%emt 0:00:35]} Re8 {
[%emt 0:00:13]} 10. d4 {[%emt 0:06:37]} Bb7 {[%emt 0:00:58]} 11. Nbd2 {[%emt 0:
05:15]} exd4 {[%emt 0:00:22]} 12. cxd4 {[%emt 0:03:05]} Nd7 {[%emt 0:00:06]}
13. Nf1 {[%emt 0:08:37]} Na5 {[%emt 0:01:09]} 14. Bc2 {[%emt 0:03:05]} Bf6 {
[%emt 0:00:21]} 15. Ng3 {[%emt 0:04:56]} (15. Ne3 Bxe4 16. Bd2 Bxc2 17. Qxc2
Nc4 18. Nxc4 Rxe1+ 19. Rxe1 bxc4 20. Qxc4 Nb6 21. Qc6 Qd7 22. Rc1 Qxc6 23. Rxc6
Nd5 24. Ba5 Ra7 25. Kf1 Kf8 26. g3 Ke7 27. Ke2 Kd7 28. Rc4 Rb7 29. b3 Rb5 30.
Bd2 Nb6 31. Rc2 a5 32. Kd3 a4 33. b4 h5 34. a3 g6 35. g4 Be7 36. Rc1 Rd5 37.
Be3 c6 38. Nd2 Rb5 39. Ne4 hxg4 40. hxg4 Nd5 41. Bd2 Rb8 42. Rh1 Nf6 43. f3
Nxe4 44. fxe4 d5 {Shankland,S (2671)-Bu,X (2725) Liaocheng 2018 1/2-1/2}) 15...
g6 {[%emt 0:03:22]} 16. Bd2 {[%emt 0:30:22]} Nc4 {[%emt 0:09:27]} 17. Bc3 {
[%emt 0:02:16]} c5 {[%emt 0:00:27]} 18. Bb3 $146 {[%emt 0:02:02]} (18. b3 Na3
19. Bd3 b4 20. Bb2 Nb5 21. Qd2 Nc3 22. Bxc3 bxc3 23. Qxc3 cxd4 24. Qd2 Nc5 25.
Rad1 Rc8 26. Bb1 Ne6 27. Ne2 Nc5 28. Ng3 Ne6 29. Ne2 Qb6 30. Nfxd4 Nxd4 31.
Nxd4 d5 32. e5 Bxe5 33. Nf3 Bg7 34. Rxe8+ Rxe8 35. Bd3 d4 36. Qf4 Qf6 {1/2-1/2
(36) Kalinina,O (2337)-Szczepkowska,K (2411) Mamaia 2016}) 18... cxd4 {[%emt 0:
04:40]} 19. Bxd4 {[%emt 0:02:06]} Rc8 {[%emt 0:22:21]} 20. Bxc4 {[%emt 0:04:16]
} Rxc4 {[%emt 0:00:36]} 21. b3 {[%emt 0:00:21]} Bxd4 {[%emt 0:05:23]} 22. Nxd4
{[%emt 0:02:27]} Rc5 {[%emt 0:00:09]} 23. b4 {[%emt 0:02:37]} Rc7 {[%emt 0:05:
46]} 24. a4 {[%emt 0:04:00]} bxa4 {[%emt 0:02:30]} 25. Qxa4 {[%emt 0:00:27]}
Nf6 {[%emt 0:01:23]} 26. Rad1 {[%emt 0:03:38]} Qc8 {[%emt 0:12:49]} (26... Nxe4
27. Nxe4 Rxe4 28. Rxe4 Bxe4 29. Qxa6 Qg5 $132 {[%cal Gg5g2]}) 27. b5 {[%emt 0:
02:15]} Rc4 $2 {[%emt 0:02:37]} (27... axb5 28. Nxb5) (27... d5 28. bxa6 Bxa6)
28. Qa1 {[%emt 0:01:07]} d5 {[%emt 0:24:48]} 29. bxa6 {[%emt 0:01:46]} Bxa6 {
[%emt 0:00:01]} 30. Ndf5 {[%emt 0:01:43]} gxf5 {[%emt 0:00:02]} 31. Qxf6 {
[%emt 0:00:05]} Rc6 {[%emt 0:01:15]} 32. Qa1 {[%emt 0:01:52]} fxe4 {[%emt 0:02:
11]} 33. Rxd5 {[%emt 0:01:03]} Rg6 {[%emt 0:00:12]} 34. Nh5 {[%emt 0:03:53]}
Bb7 {[%emt 0:00:13]} 35. Rd6 {[%emt 0:00:35]} Ree6 {[%emt 0:00:38]} 36. Red1 {
[%emt 0:01:02]} Rxd6 37. Rxd6 {[%emt 0:00:03]} Qc7 {[%emt 0:01:24]} 38. Nf6+ {
[%emt 0:01:26]} Kf8 {[%emt 0:00:01]} 39. Nxh7+ {[%emt 0:00:22]} Kg8 {[%emt 0:
00:46]} 40. Nf6+ {[%emt 0:00:31]} Kf8 {[%emt 0:30:01]} 41. Qa3 {[%emt 0:07:58]}
e3 {[%emt 0:00:00]} 42. Rd7+ {[%emt 0:03:50]} Kg7 {[%emt 0:00:00]} 43. Nh5+ {
[%emt 0:01:24]} Kg8 {[%emt 0:00:00]} 44. Rxc7 {[%emt 0:00:10]} e2 {[%emt 0:00:
00]} 45. Rxb7 {[%emt 0:02:45]} e1=Q+ {[%emt 0:00:00]} 46. Kh2 {[%emt 0:00:04]}
1-0

[Event "FRA-chT Top 12"]
[Site "Brest"]
[Date "2018.05.29"]
[Round "4"]
[White "Kosteniuk, Alexandra"]
[Black "Efimov, Igor"]
[Result "1-0"]
[WhiteElo "2555"]
[BlackElo "2413"]
[PlyCount "59"]
[EventDate "2018.05.26"]
[EventType "team-tourn"]
[EventRounds "11"]
[EventCountry "FRA"]
[SourceTitle "EXT 2019"]
[Source "ChessBase"]
[SourceDate "2018.10.10"]
[SourceVersion "1"]
[SourceVersionDate "2018.10.10"]
[SourceQuality "1"]
[WhiteTeam "Clichy Echecs 92"]
[BlackTeam "Cemc Monaco"]
[WhiteTeamCountry "FRA"]
[BlackTeamCountry "MNC"]
[TimeControl "40/5400+30:1800+30"]

1. e4 {[%emt 0:00:00]} c5 {[%emt 0:02:07]} 2. Nf3 {[%emt 0:00:00]} Nc6 {
[%emt 0:01:00]} 3. Bb5 {[%emt 0:00:01]} Nf6 {[%emt 0:00:45]} 4. Bxc6 {[%emt 0:
00:23]} (4. Nc3 g6 5. O-O Bg7 6. e5 Ng4 7. Bxc6 dxc6 8. Re1 O-O 9. d3 Nh6 10.
h3 Nf5 11. Ne4 b6 12. Bf4 Nd4 13. c3 Nxf3+ 14. Qxf3 Be6 15. Qe3 Qd5 16. c4 Qd7
17. Bh6 Rfd8 18. Bxg7 Kxg7 19. Rad1 Qd4 20. Qg5 Rd7 21. Nc3 h6 22. Qg3 Bf5 23.
Rd2 g5 24. Qf3 Qf4 25. Qxf4 gxf4 26. Ne2 Rxd3 27. Rxd3 Bxd3 28. Nxf4 Bxc4 29.
b3 Bd5 30. Rd1 e6 31. Nh5+ Kg6 32. g4 a5 33. Nf6 a4 {Vidit,S (2707)-Li,C (2732)
Liaocheng 2018 0-1}) 4... bxc6 {[%emt 0:01:44]} 5. e5 {[%emt 0:00:20]} Nd5 {
[%emt 0:00:11]} 6. O-O {[%emt 0:03:27]} g6 {[%emt 0:00:59]} 7. c4 {[%emt 0:00:
14]} Nc7 {[%emt 0:00:35]} 8. d4 {[%emt 0:00:14]} Ba6 $6 $146 {[%emt 0:02:35]} (
8... cxd4 9. Qxd4 Bg7 10. Nc3 O-O 11. Qh4 f6 12. exf6 exf6 13. Rd1 d5 14. cxd5
Nxd5 15. Bh6 Bxh6 16. Qxh6 Bg4 17. Rd3 Bxf3 18. Rxf3 Nxc3 19. Rxc3 Qd5 20. Qc1
Rac8 21. Qe3 Rfe8 22. Qxa7 Ra8 23. Qb7 Rxa2 24. Rf1 Qb5 25. Qxb5 cxb5 26. Rb3
Re5 27. g3 g5 28. Rd1 Kf7 29. Kg2 Kg6 30. Rd6 g4 31. h3 h5 32. hxg4 hxg4 33.
Rb6 Ra5 34. Rb4 Kg5 35. Rf4 Rf5 36. Rxf5+ Kxf5 37. b4 Ra4 38. Rxb5+ {Fedoseev,
V (2659)-Handke,F (2531) Berlin 2015 1/2-1/2}) 9. b3 {[%emt 0:10:13]} cxd4 {
[%emt 0:01:35]} 10. Qxd4 $16 {[%emt 0:00:05][%csl Ra6][%cal Ge5e6,Gd4h8]} Bg7 {
[%emt 0:00:28]} 11. Qh4 {[%emt 0:01:50][%cal Gc1h6]} h6 {[%emt 0:36:00]} (11...
O-O $6 12. Bh6 $36) 12. Nc3 {[%emt 0:08:50]} Ne6 {[%emt 0:04:58]} 13. Rd1 {
[%emt 0:03:24]} Qc7 {[%emt 0:02:44]} 14. Ba3 {[%emt 0:01:48]} (14. Bb2 Bxe5 15.
Nd5 $5 {[%cal Gb2e5]}) 14... Ng5 {[%emt 0:02:35]} 15. Re1 $5 {[%emt 0:11:13]}
Nxf3+ {[%emt 0:03:11]} 16. gxf3 {[%emt 0:00:04]} g5 {[%emt 0:00:09]} 17. Qd4 {
[%emt 0:06:37]} Bb7 {[%emt 0:17:20]} 18. Rad1 {[%emt 0:06:38]} Rc8 {[%emt 0:04:
51]} 19. Ne4 {[%emt 0:04:40]} c5 {[%emt 0:01:26]} 20. Bxc5 {[%emt 0:04:40]} Qc6
{[%emt 0:03:48]} 21. Ba3 {[%emt 0:02:56]} d6 $2 {[%emt 0:02:16]} 22. Nxd6+ {
[%emt 0:03:14]} exd6 {[%emt 0:00:17]} 23. exd6+ {[%emt 0:00:04]} Kf8 {[%emt 0:
02:07]} 24. d7+ {[%emt 0:00:21]} Kg8 {[%emt 0:00:02]} 25. dxc8=Q+ {[%emt 0:00:
45]} Bxc8 {[%emt 0:00:02]} 26. Qe4 {[%emt 0:01:20]} Qc7 {[%emt 0:00:25]} 27.
Bd6 {[%emt 0:00:49]} Qa5 {[%emt 0:00:11]} 28. Qe8+ {[%emt 0:01:54]} Kh7 {
[%emt 0:00:02]} 29. Qxf7 {[%emt 0:00:08]} Rg8 {[%emt 0:01:01]} 30. Re7 {
[%emt 0:01:22]} 1-0